Dâstân-ı İbrâhîm Edhem (Record no. 641)
[ view plain ]
| 000 -BAŞLIK | |
|---|---|
| Sabit Uzunlukta Kontrol Alanı | 01131na a2200349 4500 |
| 001 - KONTROL NUMARASI | |
| Denetim Alanı | 12785 |
| 003 - KONTROL NUMARASI IDENTIFIER | |
| Denetim Alanı | MIRAKIL |
| 005 - SON İŞLEM TARİHİ VE ZAMANI | |
| Denetim Alanı | 20181213154756.0 |
| 008 - SABİT-BOY VERİ ELEMANLARI - GENEL BİLGİLER | |
| Sabit Uzunlukta Kontrol Alanı | 160922b tu 000 0 |
| 020 ## - ULUSLARARASI STANDART KİTAP NUMARASI | |
| Uluslararası Standart Kitap Numarası | 9753894883 |
| 035 ## - SİSTEM KONTROL NUMARASI | |
| Sistem Kontrol Numarası | 12785 |
| 040 ## - KATALOGLAMA KAYNAK | |
| Orijinal Kataloglama Ajansı | Milas |
| Kataloglama Dili | tur |
| Metne Dönüştürmek Ajansı | TR-AnCHP |
| 041 ## - DİL KODU | |
| Metin / Ses Parça Veya Ayrı Başlığın Dil Kodu | tur |
| -- | ara |
| 082 ## - DEWEY ONLU SINIFLANDIRMA NUMARASI | |
| Sınıflandırma Numarası | 297.8 |
| Ürün Numarası | D27 2007 |
| 090 ## - SINIFLAMA NUMARASI | |
| Sınıflama Numarası | 297.8 D27t 2007 |
| 245 ## - BAŞLIK TABLOSU | |
| Başlık | Dâstân-ı İbrâhîm Edhem |
| Başlığın Kalan | Dastân-ı Fâtıma |
| -- | Dâstân-ı Hâtun |
| Sorumluluk Tablosu, Vb | hazırlayan: Mehmet Mahfuz Söylemez |
| 246 ## - UNVAN FORM VARYING | |
| Başlık Doğru / Kısa Başlığı | Dastanı İbrahim Ethem |
| Başlığın Kalan | Dastanı Hatun |
| 246 ## - UNVAN FORM VARYING | |
| Başlık Doğru / Kısa Başlığı | Dastanı İbrahim Edhem |
| Başlığın Kalan | Dastanı Fatıma |
| 260 ## - YAYIN, DAĞITIM, VB | |
| Yayın, Dağıtım, Vb Yeri | Ankara |
| Yayıncı, Dağıtıcı, Vs Adı | Türkiye Diyanet Vakfı |
| Yayın, Dağıtım, Vb Tarihi | 2007 |
| 300 ## - FİZİKSEL TANIM | |
| Kapsam | 17, 96 s. |
| Boyutlar | 24 sm. |
| 490 ## - SERİSİ TABLOSU | |
| Seri Beyanı | Türkiye Diyanet Vakfı Yayınları |
| Hacim / Ardışık Tanımı | 371 |
| 490 ## - SERİSİ TABLOSU | |
| Seri Beyanı | Anadolu Halk Klasikleri Serisi |
| Hacim / Ardışık Tanımı | 6 |
| 490 ## - SERİSİ TABLOSU | |
| Seri Beyanı | Alevi-Bektaşi Klasikleri Dizisi |
| Hacim / Ardışık Tanımı | 6 |
| 504 ## - KAYNAKÇA VB NOT | |
| Kaynakça Vb Notu | Sözlük ve dizin var |
| 546 ## - DİL NOTU | |
| Dil Notu | Metinler Türkçe Arapça karşılıklıdır. |
| 650 ## - KONU KATMA GİRİŞ - TOPİKAL DÖNEM | |
| Topikal Süreli Veya Coğrafi Ad Giriş Elemanı | Alevi Destanları |
| 650 ## - KONU KATMA GİRİŞ - TOPİKAL DÖNEM | |
| Topikal Süreli Veya Coğrafi Ad Giriş Elemanı | Alevilik |
| Genel Alt Bölümü | Destanlar |
| 650 ## - KONU KATMA GİRİŞ - TOPİKAL DÖNEM | |
| Topikal Süreli Veya Coğrafi Ad Giriş Elemanı | Alevilik |
| 650 ## - KONU KATMA GİRİŞ - TOPİKAL DÖNEM | |
| Topikal Süreli Veya Coğrafi Ad Giriş Elemanı | Destanlar |
| Coğrafi Alt Bölümü | Türkiye |
| 700 ## - KATMA GİRİŞ - KİŞİSEL İSİM | |
| Kişisel Ad | Söylemez, Mehmet Mahfuz |
| 942 ## - EKLENDİ GİRİŞ ELEMANLARI (KOHA) | |
| Sınıflandırma Veya Raf Düzeni Kaynak | Dewey Decimal Classification |
| Koha Öğesi Türü | Books |
| 999 ## - SİSTEM KONTROL NUMARALARI (KOHA) | |
| Koha Biblionumber | 641 |
| Koha Biblioitemnumber | 641 |
| Kalıcı Konum | Mevcut Konum | Edinme Tarihi | Edinim Kaynak | Toplam Check-Out'Lar | Tam Çağrı Numarası | Barkod | Tarih Son Görülme | İtibaren Geçerli Fiyatlar | Koha Öğesi Türü |
|---|---|---|---|---|---|---|---|---|---|
| CHP Kütüphanesi | CHP Kütüphanesi | 08/02/2016 | Bağış | 297.8 D27t 2007 | 000449 | 08/02/2016 | 08/02/2016 | Books |
